000 00273nam a2200121Ia 4500
100 _aGaur/R.K
650 _aDigital electronics
942 _cBK
245 _aDigital Electronics and micro computers
260 _bDhanpat Rai publishers
546 _aENGLISH
999 _c31932
_d31932